উপন্যাসের শিল্পরূপ / (Record no. 40898)
[ view plain ]
| 000 -LEADER | |
|---|---|
| fixed length control field | 00793nam a2200229 a 4500 |
| 001 - CONTROL NUMBER | |
| control field | 40898 |
| 003 - CONTROL NUMBER IDENTIFIER | |
| rucl marc code | BD-RjUL |
| 005 - DATE AND TIME OF LATEST TRANSACTION | |
| control field | 20211209053307.0 |
| 008 - FIXED-LENGTH DATA ELEMENTS--GENERAL INFORMATION | |
| fixed length control field | 160511s1959 bg ||||| |||| 00| 0 ben d |
| 020 ## - INTERNATIONAL STANDARD BOOK NUMBER | |
| Terms of availability | : PRs 2.50 |
| 035 ## - SYSTEM CONTROL NUMBER | |
| System control number | (BD-RjUL)41014 |
| 040 ## - CATALOGING SOURCE | |
| Original cataloging agency | BD-RjUL |
| Language of cataloging | ben |
| Transcribing agency | BD-RjUL |
| 041 ## - LANGUAGE CODE | |
| Language code of text/sound track or separate title | ben |
| 082 ## - DEWEY DECIMAL CLASSIFICATION NUMBER | |
| Edition number | 23 |
| Classification number | 891.443 |
| Author mark and year | DAU 1959 |
| 100 ## - MAIN ENTRY--PERSONAL NAME | |
| Personal name | দাশগুপ্ত, রণেশ |
| 9 (RLIN) | 119541 |
| 245 10 - TITLE STATEMENT | |
| Title | উপন্যাসের শিল্পরূপ / |
| Statement of responsibility, etc. | রণেশ দাশগুপ্ত |
| 260 ## - PUBLICATION, DISTRIBUTION, ETC. (IMPRINT) | |
| Place of publication, distribution, etc. | ঢাকা : |
| Name of publisher, distributor, etc. | ইস্ট বেঙ্গল, |
| Date of publication, distribution, etc. | ১৯৫৯ [১৩৬৬] |
| 300 ## - PHYSICAL DESCRIPTION | |
| Pagination | ১৪০ পৃ. ; |
| Size | ১৭ সেমি. |
| 650 ## - SUBJECT ADDED ENTRY--TOPICAL TERM | |
| Topical term or geographic name as entry element | বাংলা উপন্যাস |
| 9 (RLIN) | 125888 |
| Topical term or geographic name as entry element | Begali Fiction |
| 9 (RLIN) | 125889 |
| 942 ## - ADDED ENTRY ELEMENTS (KOHA) | |
| Source of classification or shelving scheme | Dewey Decimal Classification |
| Koha item type | Books |
| Lost status | Source of classification or shelving scheme | Damaged status | Not for loan | Collection code | Permanent Location | Current Location | Shelving location | Date acquired | Source of acquisition | Cost, normal purchase price | Total Checkouts | Full call number | Date last seen | Date checked out | Copy number | Koha item type |
|---|---|---|---|---|---|---|---|---|---|---|---|---|---|---|---|---|
| Dewey Decimal Classification | Fiction | Central Library, University of Rajshahi | Central Library, University of Rajshahi | 12/06/1990 | Shawkat Osman, Dhaka | 2.50 | 1 | B 891.443 DAU 1959 | 08/01/2024 | 28/12/2023 | C-2 | Books | ||||
| Dewey Decimal Classification | Fiction | Central Library, University of Rajshahi | Central Library, University of Rajshahi | 22/01/1965 | Ideal | 2.50 | 1 | B 891.443 DAU 1959 | 29/10/2017 | 11/10/2017 | C-3 | Books | ||||
| Dewey Decimal Classification | Fiction | Central Library, University of Rajshahi | Central Library, University of Rajshahi | 22/01/1965 | Ideal | 2.50 | B 891.443 DAU 1959 | 18/07/2016 | C-4 | Books | ||||||
| Dewey Decimal Classification | Fiction | Central Library, University of Rajshahi | Central Library, University of Rajshahi | 22/01/1965 | Ideal | 2.50 | 2 | B 891.443 DAU 1959 | 21/07/2019 | 17/07/2019 | C-5 | Books | ||||
| Dewey Decimal Classification | Fiction | Central Library, University of Rajshahi | Central Library, University of Rajshahi | 22/12/1961 | Faraquce | 2.50 | 4 | B 891.443 DAU 1959 | 05/09/2022 | 30/08/2022 | C-6 | Books | ||||
| Dewey Decimal Classification | Fiction | Central Library, University of Rajshahi | Central Library, University of Rajshahi | 05/07/1968 | Norose | 2.50 | B 891.443 DAU 1959 | 14/08/2016 | C-7 | Books | ||||||
| Dewey Decimal Classification | Fiction | Central Library, University of Rajshahi | Central Library, University of Rajshahi | 05/07/1968 | Norose | 2.50 | B 891.443 DAU 1959 | 14/08/2016 | C-8 | Books | ||||||
| Dewey Decimal Classification | Fiction | Central Library, University of Rajshahi | Central Library, University of Rajshahi | 05/07/1968 | Norose | 2.50 | B 891.443 DAU 1959 | 14/08/2016 | C-9 | Books | ||||||
| Dewey Decimal Classification | Fiction | Central Library, University of Rajshahi | Central Library, University of Rajshahi | 05/07/1968 | Norose | 2.50 | B 891.443 DAU 1959 | 14/08/2016 | C-10 | Books | ||||||
| Dewey Decimal Classification | Not For Loan | Fiction | Central Library, University of Rajshahi | Central Library, University of Rajshahi | Reading Room | 05/07/1968 | Norose | 2.50 | B 891.443 DAU 1959 | 14/08/2016 | C-1 | Books |